Baby love /

Đã lưu trong:
Chi tiết về thư mục
Những tác giả chính: Levesque, Laurent (Nhà soạn nhạc), Dury, Loïk (Nhà soạn nhạc)
Tác giả khác: Wilson, Lambert (Diễn viên), Brochet, Anne (Diễn viên), Rossignon, Christophe (Nhà sản xuất), Elbe, Pascal (Diễn viên), López de Ayala, Pilar (Diễn viên), Garenq, Vincent (Biên kịch, Giám đốc, Người viết kịch bản)
Định dạng: Slide
Ngôn ngữ:Tiếng Italy
Tiếng Pháp
Được phát hành: Campi Bisenzio : CG Home Video, 2014
Loạt:Perseo video
Các nhãn: Thêm thẻ
Không có thẻ, Là người đầu tiên thẻ bản ghi này!

MARC

LEADER 00000ngm a22000007i 4500
001 IT\ICCU\VIA\0177718
003 ItRI
005 20260124182915.0
008 090707s2009 it |||||||||||||||k|||||c
024 3 1 |a 8033109397544 
024 3 1 |a 8033433411114 
028 4 2 |a PSV20383 
028 4 2 |a PSV5388  |b Sul cofanetto 
040 |b ita 
041 7 |a ita  |a fre  |2 ISO-639-2 
130 0 |a Comme les autres <film ; 2008>  |3 IT\ICCU\MOD\1558824 
245 0 0 |a Baby love /  |c un film di Vincent Garenq ; [con] Lambert Wilson ... [et al.] ; [musiche originali Laurent Levesque e Loik Dury ; fotografia Jean-Claude Larrieu]. 
260 |a Campi Bisenzio :  |b CG Home Video,  |c 2014 
300 |a 1 DVD-Video (90 min) :  |b color., sonoro 
500 |a Titolo del contenitore 
500 |a Produzione: Francia, 2008 
500 |a Etichetta: Univideo 
500 |a Lingue: italiano, francese; sottotitoli: italiano per non udenti 
500 |a Data da catalogo on line 
500 |a Contenuti extra: trailer, spot TV, filmografie degli attori principali. 
700 1 |a Levesque, Laurent  |0 IT\ICCU\LO1V\323131  |4 cmp 
700 1 |a Dury, Loïk  |0 IT\ICCU\MODV\640426  |4 cmp 
700 1 |a Wilson, Lambert  |0 IT\ICCU\RAVV\089869  |4 act 
700 1 |a Brochet, Anne  |0 IT\ICCU\RAVV\092700  |4 act 
700 1 |a Rossignon, Christophe  |0 IT\ICCU\RAVV\281593  |4 pro 
700 1 |a Elbe, Pascal  |0 IT\ICCU\RAVV\629922  |4 act 
700 1 |a López de Ayala, Pilar  |0 IT\ICCU\UBOV\874617  |4 act 
700 1 |a Garenq, Vincent  |0 IT\ICCU\VIAV\124301  |4 aus 
700 1 |a Garenq, Vincent  |0 IT\ICCU\VIAV\124301  |4 drt 
700 1 |a Garenq, Vincent  |0 IT\ICCU\VIAV\124301  |4 sce 
710 2 |a CG Entertainment  |0 IT\ICCU\DDSV\039619  |4 pbl 
790 1 |a López de Ayala Arroyo, Pilar  |3 IT\ICCU\PUVV\485152  |z López de Ayala, Pilar 
790 1 |a López, Pilar,  |d  (1978-)  |3 IT\ICCU\PUVV\485153  |z López de Ayala, Pilar 
791 2 |a Cecchi Gori Entertainment  |3 IT\ICCU\DDSV\353142  |z CG Entertainment 
791 2 |a CG Home Video  |3 IT\ICCU\MODV\664430  |z CG Entertainment 
791 2 |a Cecchi Gori Home Video  |3 IT\ICCU\MODV\664431  |z CG Entertainment 
791 2 |a Cecchi Gori Home Group  |3 IT\ICCU\MODV\664432  |z CG Entertainment 
791 2 |a Cecchi Gori Editoria Elettronica Home video  |3 IT\ICCU\MODV\664433  |z CG Entertainment 
830 0 |a Perseo video  |0 IT\ICCU\TO0\1702670 
942 |2 ddc  |c VM  |n 0 
952 |0 0  |1 0  |4 0  |6 VO_1711_000000000000000  |7 0  |9 27880  |a BO  |b BO  |d 2026-01-24  |i 13143  |l 0  |o VO 1711  |p BO13143  |r 2026-01-24 18:29:15  |w 2026-01-24  |x [Sebina 5] [1 dvd]  |y VM  |z 1 dvd 
952 |0 0  |1 0  |4 0  |6 VO_2105_000000000000000  |7 0  |9 27881  |a BO  |b BO  |d 2026-01-24  |i 17026  |l 0  |o VO 2105  |p BO17026  |r 2026-01-24 18:29:15  |w 2026-01-24  |x [Sebina 5] [1 dvd]  |y VM  |z 1 dvd (2. copia) 
999 |c 23637  |d 23637